Explicitná charakteristika podnikateľskej stratégie

Stratégia ako bežná súčasť podnikového manažmentu a slovníka manažérov. Štandardizácia základných zložiek stratégie. Charakterizovanie stratégie ex post. Rozdelenie stratégie do skupín a koncepty podnikateľskej stratégie.

Salvato in:
Dettagli Bibliografici
Autore principale: Slávik, Štefan, 1955-
Natura: Capitolo di libro
Lingua:slovacco
Soggetti:
Tags: Aggiungi Tag
Nessun Tag, puoi essere il primo ad aggiungerne!!

MARC

LEADER 00000nla$a2200000$$$4500
001 0144883
005 20240502072611.4
041 0 |a slo 
044 |a SK 
245 1 0 |a Explicitná charakteristika podnikateľskej stratégie  |c Štefan Slávik 
520 |a Stratégia ako bežná súčasť podnikového manažmentu a slovníka manažérov. Štandardizácia základných zložiek stratégie. Charakterizovanie stratégie ex post. Rozdelenie stratégie do skupín a koncepty podnikateľskej stratégie. 
610 2 0 |a manažéri 
610 2 0 |a manažment strategický 
610 2 0 |a riadenie podnikové 
610 2 0 |a riadenie strategické 
610 2 0 |a stratégia podnikateľská 
610 2 0 |a stratégia podniková 
610 2 0 |a nástroje riadenia 
610 2 0 |a metódy riadenia 
610 2 0 |a komunikácia manažérska 
100 1 |a Slávik, Štefan, 1955-